Control of scale and corrosion in building water systems
The book includes in-depth coverage of portable and domestic hot water treatment, steam, condensate, and boiler water treatment, air conditioning and water cooling treatment, cloded system water treatment, external water treatment methods, piping, tubing, and plumping systems, and building operation...
Guardat en:
| Autor principal: | |
|---|---|
| Format: | Llibre |
| Idioma: | Undetermined |
| Publicat: |
New York
McGraw-Hill
1993
|
| Matèries: | |
| Etiquetes: |
Afegir etiqueta
Sense etiquetes, Sigues el primer a etiquetar aquest registre!
|
| Thư viện lưu trữ: | Trung tâm Học liệu Trường Đại học Cần Thơ |
|---|
| LEADER | 01097nam a2200205Ia 4500 | ||
|---|---|---|---|
| 001 | CTU_32161 | ||
| 008 | 210402s9999 xx 000 0 und d | ||
| 020 | |c 600000 | ||
| 082 | |a 696.1 | ||
| 082 | |b L265 | ||
| 100 | |a Lane, Russell W | ||
| 245 | 0 | |a Control of scale and corrosion in building water systems | |
| 245 | 0 | |c Russell W Lane | |
| 260 | |a New York | ||
| 260 | |b McGraw-Hill | ||
| 260 | |c 1993 | ||
| 520 | |a The book includes in-depth coverage of portable and domestic hot water treatment, steam, condensate, and boiler water treatment, air conditioning and water cooling treatment, cloded system water treatment, external water treatment methods, piping, tubing, and plumping systems, and building operations and maintenance. The book also contains a quick-reference glossary of water treatment terms; specifications for water treatment chemicals, test reagents, and testing equipment; and water analytical test methods | ||
| 650 | |a Pipes, deposits in,Water-pipes,Water-pipes | ||
| 650 | |x Corrosion,Maintenance and repair | ||
| 980 | |a Trung tâm Học liệu Trường Đại học Cần Thơ | ||